Estadísticas para Tabla de Medallas de los Juegos Olímpicos de Invierno del 2018

Haz click aquí para intentar la prueba.

Estadísticas generales

  • Esta prueba ha sido intentada 772 veces
  • La puntuación promedio es 8 de 10

Estadísticas de respuestas

OPBMedallasPaís% Correcto
98623Estados Unidos
94%
14141139Noruega
93%
1181029Canadá
90%
1410731Alemania
87%
76114Suecia
84%
54615Francia
81%
56415Suiza
76%
53614Austria
71%
58417Corea del Sur
68%
86620Países Bajos
59%

Distribución de puntuación

Porcentaje por número respondido

Porcentaje de gente con cada puntuación

Historial de tus puntuaciones

No has intentado esta prueba.